| 000 | 00536nam a22001817a 4500 | ||
|---|---|---|---|
| 003 | CEME | ||
| 005 | 20210628204201.0 | ||
| 008 | 210120b xxu||||| |||| 00| 0 eng d | ||
| 020 | _a0-07-234983-2 | ||
| 040 | _cceme | ||
| 082 | _a620.00151 PAL | ||
| 100 |
_aPalm , William .J _959602 |
||
| 245 | _aIntroduction to matlab 6 for engineers | ||
| 260 |
_aNEW YORK _bMCGRAW HILL _c2001 |
||
| 300 | _aXIX, 600 P | ||
| 650 |
_aENGINEERING MATHEMATICS- DATA PROCESSIN, MATLAB, NUMERICAL ANALYSIS- DATA PROCESSING _969171 |
||
| 942 |
_cBK _2ddc |
||
| 999 |
_c576554 _d576554 |
||